Welcome to CU Library Online Public Access Catalogue (OPAC)

Marketing research : (Record no. 8620)

MARC details
000 -LEADER
fixed length control field 00817cam a2200241 a 4500
001 - CONTROL NUMBER
control field 14952251
005 - DATE AND TIME OF LATEST TRANSACTION
control field 20260122104921.0
008 - FIXED-LENGTH DATA ELEMENTS--GENERAL INFORMATION
fixed length control field 070803s2008 cau b 001 0 eng d
020 ## - INTERNATIONAL STANDARD BOOK NUMBER
International Standard Book Number 1412947960
Qualifying information hbk.
020 ## - INTERNATIONAL STANDARD BOOK NUMBER
International Standard Book Number 9781412947961
Qualifying information hbk.
020 ## - INTERNATIONAL STANDARD BOOK NUMBER
International Standard Book Number 1412947979
Qualifying information pbk.
020 ## - INTERNATIONAL STANDARD BOOK NUMBER
International Standard Book Number 9781412947978
Qualifying information pbk.
050 00 - LIBRARY OF CONGRESS CALL NUMBER
Classification number HF5415.2
Item number .K59 2008
082 04 - DEWEY DECIMAL CLASSIFICATION NUMBER
Classification number 658.83
Edition information 22
100 1# - MAIN ENTRY--PERSONAL NAME
Personal name Kolb, Bonita M.
245 10 - TITLE STATEMENT
Title Marketing research :
Remainder of title a practical approach /
Statement of responsibility, etc. Bonita Kolb.
260 ## - PUBLICATION, DISTRIBUTION, ETC.
Place of publication, distribution, etc. Los Angeles :
Name of publisher, distributor, etc. SAGE,
Date of publication, distribution, etc. 2008.
300 ## - PHYSICAL DESCRIPTION
Extent xiii, 292 p. ;
Dimensions 24 cm.
650 #0 - SUBJECT ADDED ENTRY--TOPICAL TERM
Topical term or geographic name entry element Marketing research.
856 42 - ELECTRONIC LOCATION AND ACCESS
Materials specified Publisher description
Uniform Resource Identifier <a href="http://www.loc.gov/catdir/enhancements/fy0804/2007934524-d.html">http://www.loc.gov/catdir/enhancements/fy0804/2007934524-d.html</a>
856 41 - ELECTRONIC LOCATION AND ACCESS
Materials specified Table of contents only
Uniform Resource Identifier <a href="http://www.loc.gov/catdir/enhancements/fy0804/2007934524-t.html">http://www.loc.gov/catdir/enhancements/fy0804/2007934524-t.html</a>
942 ## - ADDED ENTRY ELEMENTS (KOHA)
Source of classification or shelving scheme Library of Congress Classification
Koha item type Books
Suppress in OPAC No
999 ## -
-- 8620
-- 8620
Holdings
Withdrawn status Lost status Source of classification or shelving scheme Damaged status Not for loan Collection Home library Current library Shelving location Date acquired Total checkouts Full call number Barcode Date last seen Copy number Price effective from Koha item type Public note
    Library of Congress Classification     Non-fiction Graduate Library (Christ Temple) Graduate Library (Christ Temple) General stacks 01/22/2026   HF 5415.2 KOL GSCT00002049 01/22/2026 1 01/22/2026 Books EAQ
    Library of Congress Classification     Non-fiction Graduate Library (Christ Temple) Graduate Library (Christ Temple) General stacks 01/22/2026   HF 5415.2 KOL GSCT00002050 01/22/2026 2 01/22/2026 Books EAQ
    Library of Congress Classification     Non-fiction Graduate Library (Christ Temple) Graduate Library (Christ Temple) General stacks 01/22/2026   HF 5415.2 KOL GSCT00002051 01/22/2026 3 01/22/2026 Books EAQ
    Library of Congress Classification     Non-fiction Graduate Library (Christ Temple) Graduate Library (Christ Temple) General stacks 01/22/2026   HF 5415.2 KOL GSCT00002052 01/22/2026 4 01/22/2026 Books EAQ
© 2023-2024 Copyright: Central University Libraries. All Rights Reserved | Created by: Mahone Tech Office